000 00247nam a22000977a 4500
999 _c2882
_d2882
008 190403e1987 mx ||||| |||| 00| 0 spa d
245 1 _aCecil. Tratado de Medicina Interna
250 _a17a ed.
260 _aMexico
_bInteramericana
_c1987
500 _3Baja